LEADER 01353nam a2200301 u 4500 001 000000081063 003 CaOOAMICUS 005 20070226123720.0 008 050314s1988 sp u000 u spa u 020 $a8486067197 035 $a11033824 040 $aPUL$bita 100 1 $aVera Chamaza, Galo W.$0(OLS)http://pul/name/54063 245 10$aHizkijjah? rey de Judá :$binterpretación y reconstrucción de las narraciones de Ezequías /$cGalo W. Vera Chamaza. 260 $aValencia :$b[Institución San Jerónimo],$c1988. 300 $a467 p. ;$c24 cm 490 1 $aInstitución San Jerónimo ;$v20 500 $aInclude indice. 502 $aDiss. -- Universidad de Tubinga. 504 $aBibliografia p. [435]-453. 630 04$aBiblia.$pV.T.$pEzechiel.$0(OLS)http://pul/subject/14845 830 0$aInstitución San Jerónimo ;$v20.$0(OLS)http://pul/title/18306 850 $aPUL 852 $aPUL$W1$xSL Religione 3$y85$m220. 605 COLL 1.20$j103457$nBK-PRI$qDDC 21$B103457$CPULBib$Z2$F103457 $H97210 $82 941 1 $a9 996 $6020$a8486067197$9(OLS)http://pul/number/107342 996 $6245$aHizkijjah? rey de Judá :$binterpretación y reconstrucción de las narraciones de Ezequías$9(OLS)http://pul/title/106073 996 $6260$aValencia :$b[Institución San Jerónimo]$9(OLS)http://pul/publisher/53710 LEADER 01092nam a2200277 u 4500 001 000000048623 003 CaOOAMICUS 005 20070226115023.0 008 000518s1998 it u000 u ita u 035 $a10847934 040 $aPUL$bita 041 0 $aita$afre$aeng 100 1 $aBrigliozzi, Pietro.$0(OLS)http://pul/name/35291 245 13$aLa presenza della cristianità in Cina nei secoli VII-IX /$cPietro Brigliozzi. 260 $a[S. l. :$bs. n.],$c1998. 300 $aP. [599]-669 ;$c24 cm 500 $aEstr. da: "Apollinaris", an. LXXI, 1998, fasc. 3-4. 500 $aTit. dalla 1. pag. 504 $aBibliografia in nota. 650 4$aCristianesimo$zCina.$0(OLS)http://pul/subject/20514 850 $aPUL 852 $aPUL$W1$xDP1 Miscellanee$y10$mMISC.IUS.B$j64745$nBK-PRI$b $qStampati Miscellanee$B64745$CPULBib$Z2$F64745 $H $81 941 1 $a17 961 $aINV: 81647 996 $6245$aLa presenza della cristianità in Cina nei secoli VII-IX$9(OLS)http://pul/title/65502 996 $6260$a[S. l. :$bs. n.]$9(OLS)http://pul/publisher/47882